| 000 | 00716nam a2200217Ii 4500 | ||
|---|---|---|---|
| 003 | JO-AjNU | ||
| 008 | 230605s9999||||xx |||||||||||||| ||und|| | ||
| 017 | _a1984/6/277 | ||
| 040 |
_aJO-AjNU _bara _erda _cJO-AjNU |
||
| 041 | _aara | ||
| 050 | 1 | 4 | _aK891.B8.M852.1984 |
| 100 | 3 |
_a المومني، أحمد سعيد , _eauthor _946990 |
|
| 245 | 0 | 0 | _aالشقق والطوابق : دراسة قانونية مقارنة |
| 250 | _aط1 | ||
| 264 | 3 | 1 | _aعمان : مطبعة التوفيق ، 1984 |
| 300 | _a440ص | ||
| 336 |
_atext _btxt _2rdacontent |
||
| 337 |
_aunmediated _bn _2rdamedia |
||
| 338 |
_avolume _bnc _2rdacarrier |
||
| 650 | 4 |
_aالمباني -- قوانين -- الاردن -- مصر _946991 |
|
| 999 |
_aA20482 _c24050 _d24050 |
||